00509nam a22001457a 4500041000800000082001300008100001700021245004700038260002300085300000800108650012300116942000700239952010000246999001700346 aENG a261bVAR aVarkey Mothy aChurch and Diakonia in the Age of Covid-19 aDelhibISPCKc2020 a144 a COVID-19 (Disease) Religious aspects ChristianityaChurch work with the sickaDiseases Religious aspects Christianity cBK 00104070aHMIbHMIcGENd2025-09-30g180.00l0o261 VARp11004506r2025-09-30w2025-09-30yBK c23589d23589